Slovensko v eurozóne – náklady a prínosy diplomová práca

Enregistré dans:
Détails bibliographiques
Auteur principal: Chlebiszová, Renáta
Collectivité auteur: Národohospodárska fakulta EU. Katedra financií
Autres auteurs: Káčer, Marek, 1976-
Format: Livre
Langue:slovaque
Publié: Bratislava 2014
Tags: Ajouter un tag
Pas de tags, Soyez le premier à ajouter un tag!

MARC

LEADER 00000nbm a2200000 4500
001 0187549
005 20170201090134.7
041 0 |a slo 
044 |a SK 
245 1 0 |a Slovensko v eurozóne – náklady a prínosy  |b diplomová práca  |c Renáta Chlebiszová ; školiteľ: Marek Káčer 
264 1 |a Bratislava  |c 2014 
300 |a 53 s. 
100 1 |a Chlebiszová, Renáta 
700 1 |a Káčer, Marek, 1976- 
710 2 |a Národohospodárska fakulta EU. Katedra financií